Регионална библиотека "Любен Каравелов" - Русе

Момичето от Техеран (Запис номер 524981)

MARC детайли
000 -Лидер
Лидер 01159nam a2200289 a 4500
003 - Код на организацията, давaща контролен номер
Код на организацията, даваща контролен номер BLK
005 - Дата и час на последна редакция
Дата и час на последна редакция 20250710104528.0
007 - Фиксирано поле за физическо описани
Физическо описание ta
008 - Елементи от данни с фиксирана дължина
Елементи с фиксирана дължина 221104b bu |||||r|||| 00| | bu d
020 ## - Международен стандартен номер на книга ISBN
ISBN 9789543576487
040 ## - Източник на каталожния запис
Код на библиотеката BLK
041 ## - Код за език
Език Български
Език за КДБФ Български
080 ## - УДК
9 (RLIN) 226698
УДК текст Американска литература (на САЩ)
УДК код 821.111(73)
УДК – определител -31
УДК – код + определител 821.111(73)-31
084 ## - Класификационен индекс по друга класификация
Авторски знак Камб - К 22
100 ## - Редна дума - Автор
R(LIN) 496889
Автор Камали, Марджан
245 ## - Сведения за заглавието
Заглавие Момичето от Техеран
Авторска отговорност Марджан Камали; прев. Емилия Ничева-Карастойчева
260 ## - Област на издателските данни
9 (RLIN) 210050
Място на издаване София
Име на издателя ЕМАС
Година на издаване 2024
Печатница София : Ропринт
300 ## - Физическа характеристика
Брой страници 320 с.
Размер 21 см
380 ## - Жанр
Жанр Худож. лит.
500 ## - Общи забележки
Обща забележка Ориг. загл. The Stationery Shop / Marjan Kamali
700 1# - Други автори (авторска отговорност)
9 (RLIN) 76920
Друг автор Карастойчева, Емилия Станимирова
Пълното име на др. автор Ничева-Карастойчева, Емилия Станимирова
852 ## - Местоположение
Отдел Заемна - подръчен фонд
Систематично-азбучна сигнатура 821-31/К 22 М
856 ## - Електронен адрес и достъп
Инструкция (цена за достъп) 0.00
Права за достъп disable
942 ## - АРТИКУЛИ
Вид на библиотечния документ Книги
Скрит в OPAC Не
Koha issues (borrowed), all copies 11
944 ## - СЪЗДАВАНЕ И РЕДАКЦИЯ на ЗАПИСА
Дата на регистрацията/редакция Моника Янева
Служител, извършил регистрацията/редакцията 30531
Номер на служител Цветелина Шанова
944 ## - СЪЗДАВАНЕ И РЕДАКЦИЯ на ЗАПИСА
Създаване/Редакция Редакция
Дата на регистрацията/редакция 2025-01-16
Служител, извършил регистрацията/редакцията ГГГ
999 ## - СИСТЕМНИ КОНТРОЛНИ НОМЕРА
Koha biblionumber 524981
Koha biblioitemnumber 524981
Наличности
Код за отписване Код за изгубен артикул Източник на класификационната схема Код за повреда Код за отдаване Артикулен № Име на библиотеката - собственик Име на библиотеката, в която се намира в момента Статус (Текущо местоположение) Дата на вписване в системата Местоположение - отдел Цена в лева Инвентарен номер Систематично азбучна сигнатура Баркод Цена в евро Служебен тип на артикула
  Не е изгубен Universal Decimal Classification Не е повреден заемане за дома 958549 Регионална библиотека "Любен Каравелов" Русе Регионална библиотека "Любен Каравелов" Русе Заемна - подръчен фонд 2025-01-17 Заемна - подръчен фонд 16.10 120000917068 821-31/К 22 М 120000917068 8.23 Книги
  Не е изгубен Universal Decimal Classification Не е повреден заемане за дома 958550 Регионална библиотека "Любен Каравелов" Русе Регионална библиотека "Любен Каравелов" Русе Заемна - подръчен фонд 2025-01-17 Заемна - подръчен фонд 16.10 120000917069 821-31/К 22 М 120000917069 8.23 Книги
Vip Innovations Ltd, Rousse, Bulgaria 2025